|
|
|
|
| LEADER |
01070nam a2200217 a 4500 |
| 001 |
2483646 |
| 008 |
091217s1990 bg a s f000 0 eng d |
| 010 |
|
|
|a \\\90907531
|
| 040 |
|
|
|a DLC
|c DLC
|d DLC
|d BD-DhAAL
|
| 082 |
0 |
0 |
|a 304.6/32/095492
|2 20
|
| 245 |
0 |
0 |
|a Bangladesh fertility survey, 1989.
|
| 260 |
|
|
|a Dhaka :
|b National Institute of Population Research and Training,
|c 1990-1993.
|
| 300 |
|
|
|a 1 v (various pagings). :
|b ill. ;
|c 29 cm.
|
| 504 |
|
|
|a Includes bibliographical references.
|
| 541 |
1 |
|
|e 00006199
|
| 505 |
0 |
|
|a v. [1] Main report / Md. Najmul Huq -- v. [2] Analytical tables / Md. Najmul Huq ... [et al] -- [3] edited by John Cleland ... [et al]
|
| 650 |
|
0 |
|a Fertility, Human
|z Bangladesh
|x Statistics.
|
| 710 |
2 |
|
|a National Institute of Population Research and Training (Bangladesh)
|
| 852 |
4 |
|
|a Ayesha Abed Library
|j General shelf
|
| 999 |
|
|
|c 6210
|d 6210
|
| 952 |
|
|
|0 0
|1 0
|2 ddc
|4 0
|6 304_632095492000000_BAN_1990
|7 0
|9 6234
|a BRACUL
|b BRACUL
|c GEN
|d 2009-12-20
|g 0.00
|l 0
|o 304.632095492 BAN
|p 3010006199
|r 2009-12-20
|t 1
|w 2009-12-20
|y BK
|x No price found in the accession register.
|